<?xml version="1.0" encoding="UTF-8"?>
<record
    xmlns:xsi="http://www.w3.org/2001/XMLSchema-instance"
    xsi:schemaLocation="http://www.loc.gov/MARC21/slim http://www.loc.gov/standards/marcxml/schema/MARC21slim.xsd"
    xmlns="http://www.loc.gov/MARC21/slim">

  <leader>00484nam a2200181   4500</leader>
  <controlfield tag="003">SEACOMMC</controlfield>
  <controlfield tag="005">20250505114416.0</controlfield>
  <controlfield tag="008">250221b        |||||||| |||| 00| 0 eng d</controlfield>
  <datafield tag="020" ind1=" " ind2=" ">
    <subfield code="a"> 978-81-272-5612-8</subfield>
    <subfield code="c">Rs.150.00</subfield>
  </datafield>
  <datafield tag="040" ind1=" " ind2=" ">
    <subfield code="a">SEACOMMC</subfield>
  </datafield>
  <datafield tag="082" ind1=" " ind2=" ">
    <subfield code="a">311</subfield>
    <subfield code="b">N 147</subfield>
  </datafield>
  <datafield tag="100" ind1=" " ind2=" ">
    <subfield code="a"> Nag,N.K</subfield>
  </datafield>
  <datafield tag="245" ind1="1" ind2=" ">
    <subfield code="a">Statistics : for BBA 1st Semester /</subfield>
    <subfield code="c">N.K.Nag and S.K.Nag</subfield>
  </datafield>
  <datafield tag="250" ind1=" " ind2=" ">
    <subfield code="a"> 2nd rev. ed</subfield>
  </datafield>
  <datafield tag="260" ind1=" " ind2=" ">
    <subfield code="a"> Kolkata</subfield>
    <subfield code="b"> Kalyani Publishers </subfield>
    <subfield code="c"> 2007</subfield>
  </datafield>
  <datafield tag="650" ind1=" " ind2=" ">
    <subfield code="a"> Statistics</subfield>
  </datafield>
  <datafield tag="942" ind1=" " ind2=" ">
    <subfield code="c">BOOK</subfield>
  </datafield>
  <datafield tag="952" ind1=" " ind2=" ">
    <subfield code="0">0</subfield>
    <subfield code="1">0</subfield>
    <subfield code="2">ddc</subfield>
    <subfield code="4">0</subfield>
    <subfield code="7">0</subfield>
    <subfield code="a">SEACOMMC</subfield>
    <subfield code="b">SEACOMMC</subfield>
    <subfield code="c">REF</subfield>
    <subfield code="d">2008-11-15</subfield>
    <subfield code="l">0</subfield>
    <subfield code="o">311 N 147</subfield>
    <subfield code="p">M-2211</subfield>
    <subfield code="r">2025-02-21 15:59:58</subfield>
    <subfield code="w">2025-02-21</subfield>
    <subfield code="y">BOOK</subfield>
  </datafield>
  <datafield tag="952" ind1=" " ind2=" ">
    <subfield code="0">0</subfield>
    <subfield code="1">0</subfield>
    <subfield code="2">ddc</subfield>
    <subfield code="4">0</subfield>
    <subfield code="7">0</subfield>
    <subfield code="a">SEACOMMC</subfield>
    <subfield code="b">SEACOMMC</subfield>
    <subfield code="d">2008-11-15</subfield>
    <subfield code="l">0</subfield>
    <subfield code="o">311 N 147</subfield>
    <subfield code="p">M-2212</subfield>
    <subfield code="r">2025-02-21 16:00:31</subfield>
    <subfield code="t">1</subfield>
    <subfield code="w">2025-02-21</subfield>
    <subfield code="y">BOOK</subfield>
  </datafield>
  <datafield tag="952" ind1=" " ind2=" ">
    <subfield code="0">0</subfield>
    <subfield code="1">0</subfield>
    <subfield code="2">ddc</subfield>
    <subfield code="4">0</subfield>
    <subfield code="7">0</subfield>
    <subfield code="a">SEACOMMC</subfield>
    <subfield code="b">SEACOMMC</subfield>
    <subfield code="d">2008-11-15</subfield>
    <subfield code="l">0</subfield>
    <subfield code="o">311 N 147</subfield>
    <subfield code="p">M-2213</subfield>
    <subfield code="r">2025-02-21 16:00:31</subfield>
    <subfield code="t">2</subfield>
    <subfield code="w">2025-02-21</subfield>
    <subfield code="y">BOOK</subfield>
  </datafield>
  <datafield tag="952" ind1=" " ind2=" ">
    <subfield code="0">0</subfield>
    <subfield code="1">0</subfield>
    <subfield code="2">ddc</subfield>
    <subfield code="4">0</subfield>
    <subfield code="7">0</subfield>
    <subfield code="a">SEACOMMC</subfield>
    <subfield code="b">SEACOMMC</subfield>
    <subfield code="d">2008-11-15</subfield>
    <subfield code="l">0</subfield>
    <subfield code="o">311 N 147</subfield>
    <subfield code="p">M-2214</subfield>
    <subfield code="r">2025-02-21 16:00:31</subfield>
    <subfield code="t">3</subfield>
    <subfield code="w">2025-02-21</subfield>
    <subfield code="y">BOOK</subfield>
  </datafield>
  <datafield tag="952" ind1=" " ind2=" ">
    <subfield code="0">0</subfield>
    <subfield code="1">0</subfield>
    <subfield code="2">ddc</subfield>
    <subfield code="4">0</subfield>
    <subfield code="7">0</subfield>
    <subfield code="a">SEACOMMC</subfield>
    <subfield code="b">SEACOMMC</subfield>
    <subfield code="d">2008-11-15</subfield>
    <subfield code="l">0</subfield>
    <subfield code="o">311 N 147</subfield>
    <subfield code="p">M-2215</subfield>
    <subfield code="r">2025-02-21 16:00:31</subfield>
    <subfield code="t">4</subfield>
    <subfield code="w">2025-02-21</subfield>
    <subfield code="y">BOOK</subfield>
  </datafield>
  <datafield tag="952" ind1=" " ind2=" ">
    <subfield code="0">0</subfield>
    <subfield code="1">0</subfield>
    <subfield code="2">ddc</subfield>
    <subfield code="4">0</subfield>
    <subfield code="7">0</subfield>
    <subfield code="a">SEACOMMC</subfield>
    <subfield code="b">SEACOMMC</subfield>
    <subfield code="d">2008-11-15</subfield>
    <subfield code="l">0</subfield>
    <subfield code="o">311 N 147</subfield>
    <subfield code="p">M-2216</subfield>
    <subfield code="r">2025-02-21 16:00:31</subfield>
    <subfield code="t">5</subfield>
    <subfield code="w">2025-02-21</subfield>
    <subfield code="y">BOOK</subfield>
  </datafield>
  <datafield tag="952" ind1=" " ind2=" ">
    <subfield code="0">0</subfield>
    <subfield code="1">0</subfield>
    <subfield code="2">ddc</subfield>
    <subfield code="4">0</subfield>
    <subfield code="7">0</subfield>
    <subfield code="a">SEACOMMC</subfield>
    <subfield code="b">SEACOMMC</subfield>
    <subfield code="d">2008-11-15</subfield>
    <subfield code="l">0</subfield>
    <subfield code="o">311 N 147</subfield>
    <subfield code="p">M-2217</subfield>
    <subfield code="r">2025-02-21 16:00:31</subfield>
    <subfield code="t">6</subfield>
    <subfield code="w">2025-02-21</subfield>
    <subfield code="y">BOOK</subfield>
  </datafield>
  <datafield tag="952" ind1=" " ind2=" ">
    <subfield code="0">0</subfield>
    <subfield code="1">0</subfield>
    <subfield code="2">ddc</subfield>
    <subfield code="4">0</subfield>
    <subfield code="7">0</subfield>
    <subfield code="a">SEACOMMC</subfield>
    <subfield code="b">SEACOMMC</subfield>
    <subfield code="d">2008-11-15</subfield>
    <subfield code="l">0</subfield>
    <subfield code="o">311 N 147</subfield>
    <subfield code="p">M-2218</subfield>
    <subfield code="r">2025-02-21 16:00:31</subfield>
    <subfield code="t">7</subfield>
    <subfield code="w">2025-02-21</subfield>
    <subfield code="y">BOOK</subfield>
  </datafield>
  <datafield tag="952" ind1=" " ind2=" ">
    <subfield code="0">0</subfield>
    <subfield code="1">0</subfield>
    <subfield code="2">ddc</subfield>
    <subfield code="4">0</subfield>
    <subfield code="7">0</subfield>
    <subfield code="a">SEACOMMC</subfield>
    <subfield code="b">SEACOMMC</subfield>
    <subfield code="d">2008-11-15</subfield>
    <subfield code="l">0</subfield>
    <subfield code="o">311 N 147</subfield>
    <subfield code="p">M-2219</subfield>
    <subfield code="r">2025-02-21 16:00:31</subfield>
    <subfield code="t">8</subfield>
    <subfield code="w">2025-02-21</subfield>
    <subfield code="y">BOOK</subfield>
  </datafield>
  <datafield tag="952" ind1=" " ind2=" ">
    <subfield code="0">0</subfield>
    <subfield code="1">0</subfield>
    <subfield code="2">ddc</subfield>
    <subfield code="4">0</subfield>
    <subfield code="7">0</subfield>
    <subfield code="a">SEACOMMC</subfield>
    <subfield code="b">SEACOMMC</subfield>
    <subfield code="d">2008-11-15</subfield>
    <subfield code="l">0</subfield>
    <subfield code="o">311 N 147</subfield>
    <subfield code="p">M-2220</subfield>
    <subfield code="r">2025-02-21 16:00:31</subfield>
    <subfield code="t">9</subfield>
    <subfield code="w">2025-02-21</subfield>
    <subfield code="y">BOOK</subfield>
  </datafield>
  <datafield tag="999" ind1=" " ind2=" ">
    <subfield code="c">1095</subfield>
    <subfield code="d">1095</subfield>
  </datafield>
</record>
